UM Logo

Cultural icons of the Philippines/ (Record no. 15669)

MARC details
000 -LEADER
fixed length control field 00651nam a22001817a 4500
008 - FIXED-LENGTH DATA ELEMENTS--GENERAL INFORMATION
fixed length control field 201016b ||||| |||| 00| 0 eng d
020 ## - INTERNATIONAL STANDARD BOOK NUMBER
International Standard Book Number 9719103043
082 ## - DEWEY DECIMAL CLASSIFICATION NUMBER
Edition number 2002
Classification number DFil 306.08599
Item number D34
100 ## - MAIN ENTRY--PERSONAL NAME
Personal name De La Torre, Visitacion R.
9 (RLIN) 42404
245 ## - TITLE STATEMENT
Title Cultural icons of the Philippines/
Statement of responsibility, etc. Visitacion De La Torre.
260 ## - PUBLICATION, DISTRIBUTION, ETC. (IMPRINT)
Place of publication, distribution, etc. Makati City:
Name of publisher, distributor, etc. Tower Book House,
Date of publication, distribution, etc. ©2002.
300 ## - PHYSICAL DESCRIPTION
Extent 252 pages;
Dimensions 31 cm.
650 ## - SUBJECT ADDED ENTRY--TOPICAL TERM
Topical term or geographic name as entry element Philippines -- Civilization.
9 (RLIN) 42405
650 ## - SUBJECT ADDED ENTRY--TOPICAL TERM
Topical term or geographic name as entry element Philippines -- Social life and customs.
9 (RLIN) 42406
650 ## - SUBJECT ADDED ENTRY--TOPICAL TERM
Topical term or geographic name as entry element Philippines -- Description and travel.
9 (RLIN) 42407
650 ## - SUBJECT ADDED ENTRY--TOPICAL TERM
Topical term or geographic name as entry element Philippines -- Biography.
9 (RLIN) 42408
942 ## - ADDED ENTRY ELEMENTS (KOHA)
Source of classification or shelving scheme Dewey Decimal Classification
Koha item type Filipiniana
Holdings
Withdrawn status Lost status Source of classification or shelving scheme Damaged status Not for loan Collection code Home library Current library Date acquired Source of acquisition Total Checkouts Full call number Barcode Date last seen Price effective from Koha item type
    Dewey Decimal Classification     Filipiniana UM Digos College - LIC UM Digos College - LIC 10/16/2020 Purchase   DFil 306.08599 D34 17532 05/15/2025 10/16/2020 Filipiniana